<?xml version="1.0" encoding="UTF-8"?>
<record
    xmlns:xsi="http://www.w3.org/2001/XMLSchema-instance"
    xsi:schemaLocation="http://www.loc.gov/MARC21/slim http://www.loc.gov/standards/marcxml/schema/MARC21slim.xsd"
    xmlns="http://www.loc.gov/MARC21/slim">

  <leader>00719nam a22002177a 4500</leader>
  <controlfield tag="005">20150609140020.0</controlfield>
  <controlfield tag="008">141124t        mx||||| |||| 00| 0 spa d</controlfield>
  <datafield tag="020" ind1=" " ind2=" ">
    <subfield code="a">9789708103374</subfield>
  </datafield>
  <datafield tag="050" ind1="0" ind2="4">
    <subfield code="a">PN241</subfield>
    <subfield code="b">E26 2008</subfield>
  </datafield>
  <datafield tag="100" ind1="1" ind2=" ">
    <subfield code="a">Eco, Umberto</subfield>
  </datafield>
  <datafield tag="245" ind1="1" ind2="0">
    <subfield code="a">Decir casi lo mismo /</subfield>
    <subfield code="c">Umberto Eco ; Traducci&#xF3;n de Helena Lozano Miralles</subfield>
  </datafield>
  <datafield tag="250" ind1=" " ind2=" ">
    <subfield code="b">1a ed. </subfield>
  </datafield>
  <datafield tag="260" ind1=" " ind2=" ">
    <subfield code="a">M&#xE9;xico : </subfield>
    <subfield code="b">Lumen, </subfield>
    <subfield code="c">2008</subfield>
  </datafield>
  <datafield tag="300" ind1=" " ind2=" ">
    <subfield code="a">537 p. :</subfield>
    <subfield code="b">il. ; </subfield>
    <subfield code="c">21 cm. </subfield>
  </datafield>
  <datafield tag="440" ind1=" " ind2="0">
    <subfield code="a">Biblioteca  Umberto Eco</subfield>
  </datafield>
  <datafield tag="500" ind1=" " ind2=" ">
    <subfield code="a">Traducci&#xF3;n de: Dire quasi la stessa cosa</subfield>
  </datafield>
  <datafield tag="504" ind1=" " ind2=" ">
    <subfield code="a">Incluye referencias bibliograficas (p.[502]-518) e &#xED;ndice </subfield>
  </datafield>
  <datafield tag="650" ind1=" " ind2=" ">
    <subfield code="a">Traducci&#xF3;n e interpretaci&#xF3;n </subfield>
  </datafield>
  <datafield tag="700" ind1="1" ind2=" ">
    <subfield code="a">Lozano Miralles, Helena, </subfield>
    <subfield code="q">tr.</subfield>
  </datafield>
  <datafield tag="942" ind1=" " ind2=" ">
    <subfield code="2">lcc</subfield>
    <subfield code="c">LIB</subfield>
  </datafield>
  <datafield tag="999" ind1=" " ind2=" ">
    <subfield code="c">71179</subfield>
    <subfield code="d">71179</subfield>
  </datafield>
  <datafield tag="952" ind1=" " ind2=" ">
    <subfield code="1">0</subfield>
    <subfield code="2">lcc</subfield>
    <subfield code="4">0</subfield>
    <subfield code="7">0</subfield>
    <subfield code="a">LIC-046</subfield>
    <subfield code="b">LIC-046</subfield>
    <subfield code="c">GENERAL</subfield>
    <subfield code="d">2014-11-24</subfield>
    <subfield code="e">PIFI-2007</subfield>
    <subfield code="f">1a ed,</subfield>
    <subfield code="h">LLH000005492</subfield>
    <subfield code="k">EH</subfield>
    <subfield code="o">PN241 E26 2008</subfield>
    <subfield code="p">LLH000005492</subfield>
    <subfield code="r">2015-01-16 00:00:00</subfield>
    <subfield code="t">C:1</subfield>
    <subfield code="y">LIB</subfield>
    <subfield code="z">General</subfield>
  </datafield>
  <datafield tag="952" ind1=" " ind2=" ">
    <subfield code="1">0</subfield>
    <subfield code="2">lcc</subfield>
    <subfield code="4">0</subfield>
    <subfield code="7">0</subfield>
    <subfield code="a">LIC-046</subfield>
    <subfield code="b">LIC-046</subfield>
    <subfield code="c">GENERAL</subfield>
    <subfield code="d">2014-11-24</subfield>
    <subfield code="e">PIFI-2007</subfield>
    <subfield code="f">1a ed.</subfield>
    <subfield code="h">LLH000005493</subfield>
    <subfield code="k">EH</subfield>
    <subfield code="o">PN241 E26 2008</subfield>
    <subfield code="p">LLH000005493</subfield>
    <subfield code="r">2015-01-16 00:00:00</subfield>
    <subfield code="t">C:2</subfield>
    <subfield code="y">LIB</subfield>
    <subfield code="z">General</subfield>
  </datafield>
  <datafield tag="952" ind1=" " ind2=" ">
    <subfield code="1">0</subfield>
    <subfield code="2">lcc</subfield>
    <subfield code="4">0</subfield>
    <subfield code="7">0</subfield>
    <subfield code="a">LIC-046</subfield>
    <subfield code="b">LIC-046</subfield>
    <subfield code="c">GENERAL</subfield>
    <subfield code="d">2015-02-18</subfield>
    <subfield code="e">PIFI-2010</subfield>
    <subfield code="f">1a ed.</subfield>
    <subfield code="h">LLH000005697</subfield>
    <subfield code="k">EH</subfield>
    <subfield code="o">PN241 E26 2008</subfield>
    <subfield code="p">LLH000005697</subfield>
    <subfield code="r">2015-02-18 00:00:00</subfield>
    <subfield code="t">C:3</subfield>
    <subfield code="y">LIB</subfield>
    <subfield code="z">General</subfield>
  </datafield>
  <datafield tag="952" ind1=" " ind2=" ">
    <subfield code="1">0</subfield>
    <subfield code="2">lcc</subfield>
    <subfield code="4">0</subfield>
    <subfield code="7">0</subfield>
    <subfield code="a">LIC-046</subfield>
    <subfield code="b">LIC-046</subfield>
    <subfield code="c">GENERAL</subfield>
    <subfield code="d">2015-06-09</subfield>
    <subfield code="f">1a ed.</subfield>
    <subfield code="h">LLH000006466</subfield>
    <subfield code="k">EH</subfield>
    <subfield code="o">PN241 E26 2008</subfield>
    <subfield code="p">LLH000006466</subfield>
    <subfield code="r">2015-06-09 00:00:00</subfield>
    <subfield code="t">C:4</subfield>
    <subfield code="y">LIB</subfield>
    <subfield code="z">General</subfield>
  </datafield>
</record>
